An "epidemic" of adolescent pregnancy? : some historical and policy considerations /

Bibliographic Details
Main Author: Vinovskis, Maris A., 1943-
Format: Book
Language:English
Published: New York : Oxford University Press, 1988.
Subjects:

MARC

Tag First Indicator Second Indicator Subfields
LEADER 00000cam a2200000 a 4500
001 in00000009919
005 20151007051603.0
008 870808s1988 nyua b 00110 eng
010 |a  87011075  
020 |a 0195049977 (alk. paper) 
035 |a (OCoLC)16528051 
035 |9 AAA3755AM 
040 |a DLC  |c DLC  |d TXA  |d UtOrBLW 
043 |a n-us--- 
049 |a TXAM  |c [A11460969] 
050 0 0 |a HQ759.4  |b .V55 1988 
082 0 |a 362.7/96  |2 19 
100 1 |a Vinovskis, Maris A.,  |d 1943- 
245 1 4 |a An "epidemic" of adolescent pregnancy? :  |b some historical and policy considerations /  |c Maris A. Vinovskis. 
264 1 |a New York :  |b Oxford University Press,  |c 1988. 
300 |a xix, 284 pages :  |b illustrations ;  |c 22 cm. 
336 |a text  |b txt  |2 rdacontent 
337 |a unmediated  |b n  |2 rdamedia 
338 |a volume  |b nc  |2 rdacarrier 
504 |a Bibliography: pages 254-273. 
500 |a Includes index. 
650 0 |a Teenage mothers  |z United States. 
650 0 |a Teenage pregnancy  |z United States  |x History. 
650 0 |a Teenage pregnancy  |x Government policy  |z United States. 
999 |a MARS 
999 f f |s 11a1226e-6380-3620-8dd2-df8e0faf021b  |i 73ffeda7-fe8b-3622-a90f-df19d1b7d1a2  |t 0 
952 f f |p ric  |a Texas A&M University  |b Rellis Campus  |c Joint Library Facility  |s JLF  |d Remote Storage  |t 0  |e HQ759.4 .V55 1988  |h Library of Congress classification  |i unmediated -- volume  |m A14811460969 
998 f f |a HQ759.4 .V55 1988  |t 0  |l Remote Storage